00375cam a2200145ua 4500001000400000008003900004040000900043245004200052250000900094260003600103300001400139653002200153653002000175700003400195469110406n ii |||gr||||Z||||||eng cMAIN1 aHarold J. laskicby Ram Chandra Gupta a1st. aAgra:bRam prasad and sons,966. e324.2092. aPolitical science aHarold J. Laski aGupta, Ram Chandra.,eAuthor.